000 00296nam a22001337a 4500
008 181022b xxu||||| |||| 00| 0 eng d
020 _a9780070179851
041 _aeng
080 _27th
_a330.101
100 _a52
101 _aMAK
245 _aMacroeconomics
_cDornbusch,R
942 _2udc
_cBK
999 _c50471
_d50471